Комплексные географические исследования: теория, практика, образование (Запись № 10771072)

Подробности
000 -МАРКЕР
контрольное поле 02103nam0a2200337 4500
001 - ИДЕНТИФИКАТОР ЗАПИСИ
контрольное поле RU\NLR\BIBL_A\010358518
005 - ИДЕНТИФИКАТОР ВЕРСИИ
контрольное поле 20250614042613.0
035 ## - ДРУГИЕ СИСТЕМНЫЕ НОМЕРА
Идентификатор записи (NLR Aleph) 010358518
100 ## - ДАННЫЕ ОБЩЕЙ ОБРАБОТКИ
Данные общей обработки 20140520d2008 |||y0rusy50 ca
101 0# - ЯЗЫК РЕСУРСА
Язык текста, звукозаписи и т.д. русский
102 ## - СТРАНА ПУБЛИКАЦИИ ИЛИ ПРОИЗВОДСТВА
Страна публикации Российская Федерация
105 ## - ПОЛЕ КОДИРОВАННЫХ ДАННЫХ: ТЕКСТОВЫЕ МАТЕРИАЛЫ, МОНОГРАФИЧЕСКИЕ
Кодированные данные о монографическом текстовом документе a|||z|||000yy
200 1# - ЗАГЛАВИЕ И СВЕДЕНИЯ ОБ ОТВЕТСТВЕННОСТИ
Основное заглавие Комплексные географические исследования: теория, практика, образование
Сведения, относящиеся к заглавию сборник научных статей [по материалам конференции, посвященной памяти профессора К.В. Пашканга
Первые сведения об ответственности редкол.: Шкаликов В.А. (отв. ред.) и др.]
210 ## - ПУБЛИКАЦИЯ, РАСПРОСТРАНЕНИЕ И ДР.
Место издания, распространения и т.д. Москва
-- Смоленск
Имя издателя, распространителя и т. д. Универсум
Дата издания, распространения и т.д. 2008
215 ## - ФИЗИЧЕСКАЯ ХАРАКТЕРИСТИКА
Специфическое обозначение материала и объем 343 с.
Другие сведения о физической характеристике ил., цв. портр.
Размеры 20
320 ## - ПРИМЕЧАНИЯ О НАЛИЧИИ В ДОКУМЕНТЕ БИБЛИОГРАФИИ / УКАЗАТЕЛЯ
Текст примечания Библиогр. в конце ст.
600 #1 - ИМЯ ЛИЦА КАК ПРЕДМЕТ
Начальный элемент ввода Пашканг
Часть имени, кроме начального элемента ввода К. В.
Даты 1928 - 1998
Расширение инициалов личного имени Константин Васильевич
Системный номер авторитетной/нормативной записи 2185347
Идентификатор авторитетной/нормативной записи RU\NLR\AUTH\6601550197
606 1# - НАИМЕНОВАНИЕ ТЕМЫ КАК ПРЕДМЕТ
Наименование темы Географические исследования
Формальный подзаголовок Съезды, совещания и т.п.
Системный номер авторитетной/нормативной записи 1357402
Идентификатор авторитетной/нормативной записи RU\NLR\AUTH\66253033
606 1# - НАИМЕНОВАНИЕ ТЕМЫ КАК ПРЕДМЕТ
Наименование темы Географическое образование
Формальный подзаголовок Съезды, совещания и т.п.
Системный номер авторитетной/нормативной записи 2228304
Идентификатор авторитетной/нормативной записи RU\NLR\AUTH\661337584
686 1# - ИНДЕКСЫ ДРУГИХ КЛАССИФИКАЦИЙ
Индекс Д8д(2)Пашканг
686 1# - ИНДЕКСЫ ДРУГИХ КЛАССИФИКАЦИЙ
Индекс Д8я431
686 1# - ИНДЕКСЫ ДРУГИХ КЛАССИФИКАЦИЙ
Индекс Ч458.45я431
686 1# - ИНДЕКСЫ ДРУГИХ КЛАССИФИКАЦИЙ
Индекс Ч488.454(2Р)7-8Пашканг
702 #1 - ИМЯ ЛИЦА - ВТОРИЧНАЯ ОТВЕТСТВЕННОСТЬ
Начальный элемент ввода Шкаликов
Часть имени, кроме начального элемента ввода В. А.
Расширение инициалов личного имени Виктор Андреевич
Код отношения Редактор
702 #1 - ИМЯ ЛИЦА - ВТОРИЧНАЯ ОТВЕТСТВЕННОСТЬ
Начальный элемент ввода Пашканг
Часть имени, кроме начального элемента ввода К. В.
Даты 1928-1998
Расширение инициалов личного имени Константин Васильевич
711 12 - НАИМЕНОВАНИЕ ОРГАНИЗАЦИИ - АЛЬТЕРНАТИВНАЯ ОТВЕТСТВЕННОСТЬ
Начальный элемент ввода "Комплексные географические исследования: теория, практика, образование", всероссийская научно-практическая конференция
Место проведения временной организации Москва/Смоленск
Дата проведения временной организации 2008
Системный номер авторитетной/нормативной записи 403088
Идентификатор авторитетной/нормативной записи RU\NLR\AUTH\880368234
942 ## - ДОПОЛНИТЕЛЬНЫЕ ЭЛЕМЕНТЫ ЗАПИСИ (АБИС)
Тип экземпляра АБИС Книга
980 ## - КОЛЛЕКЦИЯ
Название коллекции Национальная библиография
Экземпляры
Тип экземпляра Дата поступления Источник поступления Библиотека постоянного хранения Библиотека текущего хранения Место хранения Шифр хранения Штрих-код Статус экземпляра
Книга 20.05.2014 Покупка СТ РНБ (Московский) РНБ (Московский) Русский книжный фонд: издания с 1957 года 2014-3/14316 1-416813